Príspevky na doplnkové dôchodkové poistenie a ich zdaňovanie
Poukázanie na spôsob zníženia svojich príjmov zo závislej činnosti, platením príspevkov doplnkového dôchodkového poistenia. Uplatnenie príspevku na doplnkové dôchodkové poistenie u zamestnancov s príjmami zo závislej činnosti. Uplatnenie príspevku na doplnkové dôchodkové poistenie u podnikateľa aleb...
Gespeichert in:
| 1. Verfasser: | |
|---|---|
| Format: | Buchkapitel |
| Sprache: | Slowakisch |
| Schlagworte: | |
| Tags: |
Keine Tags, Fügen Sie das erste Tag hinzu!
|
MARC
| LEADER | 00000naa a2200000 4500 | ||
|---|---|---|---|
| 001 | r041998 | ||
| 005 | 20230919092430.9 | ||
| 041 | 0 | |a slo | |
| 044 | |a SK | ||
| 245 | 1 | 0 | |a Príspevky na doplnkové dôchodkové poistenie a ich zdaňovanie |c Marta Boráková |
| 520 | |a Poukázanie na spôsob zníženia svojich príjmov zo závislej činnosti, platením príspevkov doplnkového dôchodkového poistenia. Uplatnenie príspevku na doplnkové dôchodkové poistenie u zamestnancov s príjmami zo závislej činnosti. Uplatnenie príspevku na doplnkové dôchodkové poistenie u podnikateľa alebo samostatne zárobkovo činnej osoby. Uplatnenie príspevku na doplnkové dôchodkové poistenie u daňovníka, ktorý je vypomáhajúcou osobou podľa par. 10 zákona o daniach z príjmov. | ||
| 610 | 2 | 0 | |a poistenie dôchodkové doplnkové |
| 610 | 2 | 0 | |a zdaňovanie |
| 610 | 2 | 0 | |a zrážky zo mzdy |
| 610 | 2 | 0 | |a zamestnávatelia |
| 610 | 2 | 0 | |a daňovníci |
| 100 | 1 | |a Boráková, Marta | |